000 00328nam a22001337a 4500
008 170919b xxu||||| |||| 00| 0 eng d
020 _a0262520680
041 _aeng
080 _a7
100 _a44
101 _aART
245 _aTHE VISIONARY EYE: ESSAYS IN THE ARTS, LITERATURE, AND SCIENCE
_cBRONOWSKI,J
942 _2udc
_cBK
999 _c28265
_d28265